<?xml version="1.0" encoding="UTF-8"?>
<record
    xmlns:xsi="http://www.w3.org/2001/XMLSchema-instance"
    xsi:schemaLocation="http://www.loc.gov/MARC21/slim http://www.loc.gov/standards/marcxml/schema/MARC21slim.xsd"
    xmlns="http://www.loc.gov/MARC21/slim">

  <leader>01440nam a22002897a 4500</leader>
  <controlfield tag="003">DO-SdBNP</controlfield>
  <controlfield tag="005">20230208094606.0</controlfield>
  <controlfield tag="008">210309b 2007  dr   00| 0 spa d</controlfield>
  <datafield tag="020" ind1=" " ind2=" ">
    <subfield code="a">9789993439493</subfield>
  </datafield>
  <datafield tag="040" ind1=" " ind2=" ">
    <subfield code="a">BPMSU</subfield>
    <subfield code="b">spa</subfield>
    <subfield code="c">BPMSU</subfield>
  </datafield>
  <datafield tag="082" ind1=" " ind2="4">
    <subfield code="a">RD862.08</subfield>
    <subfield code="b">M953f 2007</subfield>
    <subfield code="2">22</subfield>
  </datafield>
  <datafield tag="100" ind1=" " ind2=" ">
    <subfield code="a"> </subfield>
    <subfield code="d"> </subfield>
  </datafield>
  <datafield tag="245" ind1=" " ind2="3">
    <subfield code="a">La mujer frente al espejo :</subfield>
    <subfield code="b">antolog&#xED;a  anotada de dramaturgias dominicanas contempor&#xE1;neas /</subfield>
    <subfield code="c">L. Howard Quackenbush. </subfield>
  </datafield>
  <datafield tag="260" ind1=" " ind2=" ">
    <subfield code="a">Santo domingo :</subfield>
    <subfield code="b">Librer&#xED;a la Trinitaria </subfield>
    <subfield code="c">2007.</subfield>
  </datafield>
  <datafield tag="300" ind1=" " ind2=" ">
    <subfield code="a">381 p.:</subfield>
    <subfield code="b">il.</subfield>
    <subfield code="c">23 cm.</subfield>
  </datafield>
  <datafield tag="500" ind1=" " ind2=" ">
    <subfield code="a">Incluye datos Biogr&#xE1;fico del autor en la cubierta de la solapa.</subfield>
  </datafield>
  <datafield tag="504" ind1=" " ind2=" ">
    <subfield code="a">Bibliograf&#xED;a : p. 381- 384</subfield>
  </datafield>
  <datafield tag="505" ind1="0" ind2=" ">
    <subfield code="a">troducci&#xF3;n -- La eterna Eva y el insoportable Ad&#xE1;n -- Wish-ky Sour (trago amargo) -- Yo soy Minerva! (Confisiones m&#xE1;s all&#xE1; de la vida y la muerte) -- La querida de Don Jos&#xE9; -- Minerva y Manolo, amor y lucha -- Por hora y a Piece-Work -- Estrategias del otro yo: el mundo de Claudia -- La tierra es de nosotros, 2004 -- Espejismo -- Hermanas -- &#xBF;Estamos listos...? -- Conclusi&#xF3;n -- Bibliograf&#xED;a.</subfield>
  </datafield>
  <datafield tag="650" ind1=" " ind2="4">
    <subfield code="a">Teatro dominicano </subfield>
    <subfield code="y">Siglo XX</subfield>
  </datafield>
  <datafield tag="650" ind1=" " ind2="4">
    <subfield code="a">Drama dominicano     </subfield>
    <subfield code="y">Siglo XX</subfield>
    <subfield code="x"> </subfield>
    <subfield code="x"> </subfield>
  </datafield>
  <datafield tag="650" ind1=" " ind2="4">
    <subfield code="a"> Mujeres autoras  </subfield>
    <subfield code="z">Rep&#xFA;blica Dominicana</subfield>
    <subfield code="x">Historia y cr&#xED;tica </subfield>
    <subfield code="y">Siglo XX</subfield>
  </datafield>
  <datafield tag="650" ind1=" " ind2="4">
    <subfield code="a">Drama dominicano </subfield>
    <subfield code="x">Historia y critica </subfield>
  </datafield>
  <datafield tag="650" ind1=" " ind2="4">
    <subfield code="a">Literatura dominicana</subfield>
  </datafield>
  <datafield tag="700" ind1="1" ind2=" ">
    <subfield code="a">Quackenbush, L.Howard </subfield>
    <subfield code="e"> </subfield>
  </datafield>
  <datafield tag="910" ind1=" " ind2=" ">
    <subfield code="a">MCabrera /VMateo V.</subfield>
  </datafield>
  <datafield tag="942" ind1=" " ind2=" ">
    <subfield code="2">ddc</subfield>
    <subfield code="c">BK</subfield>
  </datafield>
  <datafield tag="952" ind1=" " ind2=" ">
    <subfield code="0">0</subfield>
    <subfield code="1">0</subfield>
    <subfield code="2">ddc</subfield>
    <subfield code="4">0</subfield>
    <subfield code="7">0</subfield>
    <subfield code="8">CD</subfield>
    <subfield code="a">BPMET</subfield>
    <subfield code="b">BPMET</subfield>
    <subfield code="d">2021-03-09</subfield>
    <subfield code="e">Compra</subfield>
    <subfield code="o">BPMSU CD RD862.08 M953f 2007</subfield>
    <subfield code="p">BPMSU21030014</subfield>
    <subfield code="r">2021-03-09</subfield>
    <subfield code="w">2021-03-09</subfield>
    <subfield code="y">BK</subfield>
  </datafield>
  <datafield tag="952" ind1=" " ind2=" ">
    <subfield code="0">0</subfield>
    <subfield code="1">0</subfield>
    <subfield code="2">ddc</subfield>
    <subfield code="4">0</subfield>
    <subfield code="7">0</subfield>
    <subfield code="8">CD</subfield>
    <subfield code="a">BPMET</subfield>
    <subfield code="b">BPMET</subfield>
    <subfield code="d">2021-03-09</subfield>
    <subfield code="e">Compra</subfield>
    <subfield code="o">BPMSU CD RD862.08 M953f 2007</subfield>
    <subfield code="p">BPMSU21030018</subfield>
    <subfield code="r">2021-03-09</subfield>
    <subfield code="t">e.2</subfield>
    <subfield code="w">2021-03-09</subfield>
    <subfield code="y">BK</subfield>
  </datafield>
  <datafield tag="999" ind1=" " ind2=" ">
    <subfield code="c">13391</subfield>
    <subfield code="d">13391</subfield>
  </datafield>
</record>
